Représentations linéaires des groupes finis /
Guardado en:
| Autor Principal: | |
|---|---|
| Formato: | Libro |
| Idioma: | French |
| Publicado: |
Paris :
Hermann,
1971, c1967.
|
| Edición: | 2e éd., refondue. |
| Series: | Collection Méthodes
|
| Etiquetas: |
Agregar Etiqueta
Sin Etiquetas, Sea el primero en etiquetar este registro!
|
| LEADER | 00767nam a22002055a 4500 | ||
|---|---|---|---|
| 001 | MAT.inmabb002230 | ||
| 008 | 840523t19711967fr#######b####001#0#fre#d | ||
| 005 | 20130304122153.0 | ||
| 245 | 1 | 0 | |a Représentations linéaires des groupes finis / |c Jean-Pierre Serre. |
| 250 | |a 2e éd., refondue. | ||
| 260 | |a Paris : |b Hermann, |c 1971, c1967. | ||
| 300 | |a 182 p. ; |c 22 cm. | ||
| 440 | 0 | |a Collection Méthodes | |
| 504 | |a Incluye referencias bibliográficas. | ||
| 505 | 0 | |a Ptie I. Représentations et caractères -- Ptie II. Représentations en caractéristique zéro -- Ptie III. Introduction à la théorie de Brauer. | |
| 510 | 4 | |a MR, |c 50 #4718 | |
| 100 | 1 | |a Serre, Jean-Pierre. | |
| 084 | |a 20Cxx |2 msc2000 | ||
| 010 | |a 72312914 | ||
| 859 | |h 20 |i Se488 |p A-3902 |b BIB. MATEMATICA | ||
